Statistics for J Marks the Spot

Click here to take the quiz!

General Stats

  • This quiz has been taken 60 times
  • The average score is 11 of 21

Answer Stats

HintAnswer% Correct
Have fun doingEnjoy
94%
French mustard cityDijon
92%
Louisiana cuisineCajun
82%
False testimonyPerjury
71%
Chinese tile gameMahjong
67%
Muslim headcoverHijab
65%
Ganja, hashishMarijuana
61%
Asian capitalBeijing
53%
Steal a vehicle at gunpointCarjack
53%
Make appear by magicConjure
51%
Paris and Hector, eg.Trojans
51%
1000 watt-secondsKilojoule
47%
Important, significantMajor
47%
European capitalReykjavik
41%
Dushanbe resident, eg.Tajik
37%
Variety of pearAnjou
33%
Interrupted abruptlyInterjected
33%
Topic, issueSubject
33%
Office assignmentProject
31%
Jewel, trinketBijou
12%
Moroccan cityOujda
0%

Score Distribution

Percentile by Number Answered

Percent of People with Each Score

Your Score History

You have not taken this quiz